| 000 | 01180cam a2200277 a 4500 | ||
|---|---|---|---|
| 005 | 20250821142654.0 | ||
| 008 | 090413s2008 ck ao r 000 0dspa d | ||
| 015 | _aSSS | ||
| 040 |
_aCO-CtgCURN _bspa _ccoctgcurn |
||
| 041 | 1 | _aspa | |
| 043 | _as-ck--- | ||
| 082 | 0 | 4 |
_a770.9861 _bM17 _221 |
| 100 | 1 | _aMartínez, William Fernando. | |
| 245 | 1 | 4 |
_aLos jóvenes en el árbol del ahorcado : _bI premio colombo suizo de fotografía / _cWilliam Fernando Martínez ; dirección Francesco Quattrini. |
| 246 | 3 | 3 | _aJóvenes en el árbol del ahorcado : primer premio colombo suizo de fotografía |
| 260 |
_a[Bogotá] : _bMinisterio de Cultura : _bEmbajada de Suiza : _bFondo de Cultura Suizo, _c2008. |
||
| 300 |
_a1 folleto (32 p.) : _bilustraciones, fotos ; _c24cm. |
||
| 586 | _aI premio colombo suizo de fotografía | ||
| 596 | _a2 | ||
| 600 | 1 | 4 |
_aMartínez, William Fernando _xTrabajos Fotográficos. |
| 650 | 1 | 4 | _aFotógrafos colombianos. |
| 700 | 1 |
_aQuattrini, Francesco, _eDir. |
|
| 942 |
_2ddc _cBK _h770.9861 _iM385 |
||
| 999 |
_c49442 _d49442 _x1 |
||